| 000 | 00618 a2200145 4500 | ||
|---|---|---|---|
| 020 | _a81-7473-029-X | ||
| 082 | _a808.0666 | ||
| 090 |
_c1742 _d1742 |
||
| 245 | 0 | 0 |
_aTechnical report writing today 5th edition _cdaniel G. Riordan, ; Stephen E. Pauley, |
| 260 |
_aDelhi, India _bAITBS _c2004 |
||
| 300 | _a1 v. (unpaged) | ||
| 942 |
_aSNS _cBK _k808.0666 PAU |
||
| 999 |
_c30349 _d30349 |
||